000 00728nam a2200217 a 4500
001 000012330
005 20240412074231.0
008 091111s2003 dr r 000 0 spa d
020 _a999343924X
040 _aDO-SdBNP
_bspa
_cBNPHU
082 _aRD863.44
_bG216hi
100 1 _aGarcía Cartagena, Manuel
_912067
245 1 0 _aHistorias que no cuentan :
_bcuentos /
_cManuel García-Cartagena.
260 _aSanto Domingo :
_bLibrería La Trinitaria,
_c2003.
300 _a157 p. ;
_c22 cm.
500 _aInlcuye datos biográficos del autor en las solapas
590 _aInventariado, 2020/BT
650 0 _aCuentos dominicanos
_9176
650 0 _aLiteratura dominicana.
_967
910 _aValidado. Control de calidad. MMOLINA
999 _c11987
_d11987